Bilecik Bilecik Bilecik Bilecik Bilecik

Onaltıncı asır Anadolusunda, bir tekkenin dinî ve sosyal tarihi : (Record no. 36352)

MARC details
000 -BAŞLIK
Sabit Uzunluktaki Kontrol Alanı 01362nam a22003977a 4500
001 - KONTROL NUMARASI
Control Dosyası 0036455
003 - KONTROL NUMARASI KİMLİĞİ
Kontrol Alanı KOHA_MİRAKIL
005 - EN SON İŞLEM TARİHİ ve ZAMANI
Kontrol Alanı 20260207003007.0
007 - FİZİKSEL TANIM SABİT ALAN - GENEL BİLGİ
Sabit uzunluklu kontrol alanı ta
008 - SABİT UZUNLUKTAKİ VERİ ÖGELERİ - GENEL BİLGİ
Sabit Alan 130730b1992 tu a|||gr||||#||||0|tur |
020 ## - ISBN - ULUSLARARASI STANDART KİTAP NUMARASI
Isbn 9757462578
Kullanılabilirlik koşulları 9,57
040 ## - KATALOGLAMA KAYNAĞI
Özgün Kataloglama Kurumu TR-BiSEU
Kataloglama Dili tur
Çeviri Kurumu TR-BiSEU
Açıklama Kuralları rda
041 0# - DİL KODU
Metin ya da ses kaydının dil kodu tur
044 ## - YAYINLAYAN/ÜRETEN KURULUŞUN ÜLKE KODU
ISO country code tu
050 ## - SINIFLAMA ve YER NUMARASI
Sınıflama Numarası BP188.8.T92
Yer Numarası S28 1992
100 1# - KİŞİ ADI
Yazar Adı (Kişi adı) Savaş, Saim.
245 1# - ESER ADI BİLDİRİMİ
Başlık Onaltıncı asır Anadolusunda, bir tekkenin dinî ve sosyal tarihi :
Alt Eseradı vb. Sivas Ali Baba Zâviyesi/
Sorumluluk Bildirimi Saim Savaş ; Saim Savaş.
264 #1 - ÜRERİM, YAYIN, DAĞITIM ve TELİF BİLDİRİMİ
Yayın yeri İstanbul :
Yayınlayan Dergah Yayınları
Yayın tarihi 1992
300 ## - FİZİKSEL TANIMLAMA
Sayfa, Cilt vb. 272 sayfa :
Diğer fiziki detaylar res., hrt, tbl. ;
Boyutları 24 cm.
336 ## - İÇERİK TÜRÜ
Content type term metin
Content type code txt
Source rdacontent
337 ## - MEDYA TÜRÜ
Media type term aracısız
Media type code n
Source rdamedia
338 ## - TAŞIYICI TÜRÜ
Carrier type term cilt
Carrier type code nc
Source rdacarrier
490 1# - DİZİ BİLDİRİMİ
Dizi Bildirimi Dergâh yayınları ;
Cilt Numarası 142.
490 1# - DİZİ BİLDİRİMİ
Dizi Bildirimi Tarih dizisi ;
Cilt Numarası 15
500 ## - GENEL NOT
Genel Not Includes facsims. of documents in Ottoman Turkish.
500 ## - GENEL NOT
Genel Not Dizin var.
500 ## - GENEL NOT
Genel Not Kaynakça var.
650 #0 - KONU BAŞLIĞI EK GİRİŞ - KONU TERİMİ
Konusal terim veya coğrafi ad Ali Baba, d. 1574.
9 (RLIN) 69105
650 #0 - KONU BAŞLIĞI EK GİRİŞ - KONU TERİMİ
Konusal terim veya coğrafi ad Ali Baba Zâviyesi (Sivas, Turkey)--History.
9 (RLIN) 69106
650 #0 - KONU BAŞLIĞI EK GİRİŞ - KONU TERİMİ
Konusal terim veya coğrafi ad Dervishes--Turkey--Sivas.
9 (RLIN) 69107
650 #0 - KONU BAŞLIĞI EK GİRİŞ - KONU TERİMİ
Konusal terim veya coğrafi ad Sufism--Turkey--Sivas.
9 (RLIN) 69108
650 #0 - KONU BAŞLIĞI EK GİRİŞ - KONU TERİMİ
Konusal terim veya coğrafi ad Monasticism and religious orders, Islamic--Turkey--Sivas.
9 (RLIN) 69109
830 1# - SERİ EK GİRİŞİ - TEKBİÇİM ESER ADI
Tekbiçim Başlık Dergâh yayınları ;
Volume number/sequential designation 142.
9 (RLIN) 7695
830 1# - SERİ EK GİRİŞİ - TEKBİÇİM ESER ADI
Tekbiçim Başlık Tarih dizisi ;
Volume number/sequential designation 15
9 (RLIN) 7565
942 ## - EK GİRİŞ ÖGELERİ (KOHA)
Source of classification or shelving scheme Library of Congress Classification
Koha item type Book
Holdings
Materyal Türü Kalıcı Konum Mevcut Konum Raf Yeri Sınıflandırma Kaynağı Edinim Bilgisi Ana Konular Alt Konular Yer Numarası Demirbaş Numarası Fatura Tarihi Maliyet, Alış Fiyatı Maliyet, Yenileme Fiyatı Geri Çekilme Durumu Kayıp Durumu Hasarlı Durumu Kredi için değil Kayıt Tarih Toplam Ödünçverme Son Görülme Tarihi Son Kontrol Tarihi Satın Alma Notu
Book Prof. Dr. Azmi Özcan Kütüphanesi Prof. Dr. Azmi Özcan Kütüphanesi Uluğbey Salonu Library of Congress Classification Satın FELSEFE, PSİKOLOJİ, DİN İslam, Bahailik, Teozofi vb. BP188.8 .S58 1992 0036455 23/07/2012 9.57 9.57         30/04/2012   21/05/2025 21/05/2025  
Book Prof. Dr. Azmi Özcan Kütüphanesi Prof. Dr. Azmi Özcan Kütüphanesi Uluğbey Salonu Library of Congress Classification Satın FELSEFE, PSİKOLOJİ, DİN İslam, Bahailik, Teozofi vb. BP188.8.T92 S28 1992 0040974 24/09/2013 8.38 8.38         30/07/2013   21/05/2025 21/05/2025 73291-73383 (92 sayfa)